Does Microfinance Reduce Poverty among the Poorest? a macro quantile regression approach /
Guardat en:
| Autor principal: | |
|---|---|
| Altres autors: | , |
| Format: | Llibre |
| Idioma: | English |
| Accés en línia: | texto completo desde el sitio de la revista |
| Etiquetes: |
Afegir etiqueta
Sense etiquetes, Sigues el primer a etiquetar aquest registre!
|
MARC
| LEADER | 00000nam a22000007a 4500 | ||
|---|---|---|---|
| 003 | cru CIDCACS/IIS | ||
| 005 | 20191010111923.0 | ||
| 007 | ta | ||
| 008 | 191010s2018 ja |||p|r||||||0| ||eng d | ||
| 999 | |c 42470 |d 42470 | ||
| 040 | |c cru CIDCACS/IIS | ||
| 100 | 1 | |9 8667 |a Lacalle‐Calderon, Maricruz | |
| 245 | 1 | |a Does Microfinance Reduce Poverty among the Poorest? |b a macro quantile regression approach / |c Maricruz Lacalle‐Calderon, Manuel Perez‐Trujillo, Isabel Neira | |
| 300 | |a páginas 51-65: |b tablas, gráficos | ||
| 700 | 1 | |9 8668 |a Perez‐Trujillo, Manuel | |
| 700 | 1 | |9 8669 |a Neira, Isabel | |
| 773 | 0 | |0 19189 |9 2916 |a Institute of Developing Economies |d Tokio: IDE-JETRO |o 17055 |t The Developing Economies / |x 00121533 | |
| 856 | |u https://onlinelibrary.wiley.com/doi/epdf/10.1111/deve.12159 |y texto completo desde el sitio de la revista | ||
| 942 | |2 ddc |c PP | ||
